Statistics for WNBA MVP Quiz

Click here to take the quiz!

General Stats

  • This quiz has been taken 57 times
  • The average score is 13 of 26

Answer Stats

YearMVP% Correct
2022A'ja Wilson
84%
2020A'ja Wilson
84%
2013Candace Parker
76%
2008Candace Parker
76%
2018Breanna Stewart
73%
2009Diana Taurasi
73%
2004Lisa Leslie
62%
2006Lisa Leslie
62%
2001Lisa Leslie
62%
2014Maya Moore
53%
2000Sheryl Swoopes
49%
2005Sheryl Swoopes
49%
2002Sheryl Swoopes
49%
2019Elena Delle Donne
44%
2015Elena Delle Donne
44%
2011Tamika Catchings
44%
2021Jonquel Jones
42%
2010Lauren Jackson
40%
2007Lauren Jackson
40%
2003Lauren Jackson
40%
2017Sylvia Fowles
36%
1998Cynthia Cooper
33%
1997Cynthia Cooper
33%
2016Nneka Ogwumike
33%
2012Tina Charles
33%
1999Yolanda Griffith
24%

Score Distribution

Percentile by Number Answered

Percent of People with Each Score

Your Score History

You have not taken this quiz